[Event "FBL W"]
[Site "?"]
[Date "2018.12.09"]
[Round "5.6"]
[White "Frank, Carolin"]
[Black "Kraus, Tanja"]
[Result "1/2-1/2"]
[ECO "A05"]
[WhiteElo "1579"]
[BlackElo "1808"]
[PlyCount "50"]
[EventDate "2018.10.27"]
[EventType "team-tourn"]
[EventCountry "GER"]
[WhiteTeam "Muelheim SV Nord"]
[BlackTeam "Bochum SV Wattenscheid"]
[WhiteTeamCountry "GER"]
[BlackTeamCountry "GER"]

1. Nf3 Nf6 2. g3 d5 3. Bg2 c5 4. O-O g6 5. b3 Bg7 6. Bb2 O-O 7. c4 e6 8. Qc2
Qc7 9. Nc3 Bd7 10. Rac1 d4 11. Ne4 Nxe4 12. Qxe4 Bc6 13. Qc2 Nd7 14. e3 e5 15.
exd4 exd4 16. Rfe1 Rfe8 17. d3 Ne5 18. Nxe5 Rxe5 19. Rxe5 Bxe5 20. Re1 Bxg2 21.
Kxg2 Qc6+ 22. Kg1 Re8 23. Qe2 Kf8 24. Qd2 Bg7 25. Bc1 Rxe1+ 1/2-1/2

[Event "FBL W"]
[Site "?"]
[Date "2018.12.09"]
[Round "5.1"]
[White "Kozlova, Olga"]
[Black "Reppen, Ellisiv"]
[Result "0-1"]
[ECO "A15"]
[WhiteElo "2162"]
[BlackElo "2022"]
[PlyCount "46"]
[EventDate "2018.10.27"]
[EventType "team-tourn"]
[EventCountry "GER"]
[WhiteTeam "Delmenhorster SK"]
[BlackTeam "Hamburger SK II"]
[WhiteTeamCountry "GER"]
[BlackTeamCountry "GER"]

1. Nf3 Nf6 2. c4 g6 3. b4 Bg7 4. Bb2 O-O 5. g3 a5 6. b5 b6 7. Bg2 Bb7 8. O-O d5
9. cxd5 Qxd5 10. Nh4 Qxb5 11. Bxb7 Qxb2 12. Bxa8 Qxa1 13. Qc2 Qe5 14. Bf3 Nbd7
15. Nc3 Qc5 16. Rc1 Ne5 17. Bg2 Rd8 18. h3 Bh6 19. Na4 Qxc2 20. Rxc2 b5 21. f4
Nc4 22. Nc3 Na3 23. Rb2 b4 0-1

[Event "FBL W"]
[Site "?"]
[Date "2018.12.09"]
[Round "5.2"]
[White "Rogozenco, Ileana"]
[Black "Kickert, Germaine Helene"]
[Result "1-0"]
[ECO "C05"]
[WhiteElo "2034"]
[BlackElo "1976"]
[PlyCount "67"]
[EventDate "2018.10.27"]
[EventType "team-tourn"]
[EventCountry "GER"]
[WhiteTeam "Hamburger SK II"]
[BlackTeam "Delmenhorster SK"]
[WhiteTeamCountry "GER"]
[BlackTeamCountry "GER"]

1. e4 e6 2. d4 d5 3. Nd2 Nf6 4. e5 Nfd7 5. Ngf3 c5 6. c3 Nc6 7. Be2 Qb6 8. Nb3
Be7 9. O-O a5 10. a4 cxd4 11. cxd4 Nb4 12. Bd2 O-O 13. Bxb4 Qxb4 14. Bd3 Nb6
15. Qc2 Nxa4 16. Bxh7+ Kh8 17. Bd3 Bd7 18. Rfb1 Bb5 19. Nc1 Rfc8 20. Qe2 Bxd3
21. Nxd3 Qb5 22. h4 g6 23. Qd2 Kg7 24. Nf4 Qb4 25. Qd1 Nb6 26. h5 g5 27. Nd3
Qb5 28. Ra3 Bxa3 29. bxa3 Qc6 30. Qd2 Kh7 31. Nxg5+ Kg7 32. h6+ Kg8 33. Qf4 Qe8
34. Qf6 1-0

[Event "FBL W"]
[Site "?"]
[Date "2018.12.09"]
[Round "5.3"]
[White "Moenster, Madita"]
[Black "Zickelbein, Eva Maria"]
[Result "1-0"]
[ECO "C41"]
[WhiteElo "1869"]
[BlackElo "1969"]
[PlyCount "91"]
[EventDate "2018.10.27"]
[EventType "team-tourn"]
[EventCountry "GER"]
[WhiteTeam "Delmenhorster SK"]
[BlackTeam "Hamburger SK II"]
[WhiteTeamCountry "GER"]
[BlackTeamCountry "GER"]

1. e4 d6 2. d4 Nf6 3. Nc3 e5 4. Nf3 Nbd7 5. Bc4 Be7 6. O-O O-O 7. Re1 c6 8. a4
Qc7 9. Bb3 b6 10. Be3 Bb7 11. Nh4 Rfe8 12. Nf5 Bf8 13. Qf3 c5 14. d5 a6 15. Bg5
g6 16. Nh6+ Bxh6 17. Bxh6 Kh8 18. Bc4 Ng8 19. Bg5 f6 20. Bd2 Nf8 21. Nd1 Qg7
22. Ne3 Bc8 23. h4 Ra7 24. Bd3 Qc7 25. c3 Re7 26. b4 Rf7 27. h5 g5 28. Rec1 Nh6
29. a5 b5 30. c4 bxc4 31. Rxc4 Qe7 32. bxc5 dxc5 33. Rac1 Rc7 34. Bb4 g4 35.
Qe2 Nd7 36. Qc2 Rg7 37. Bxc5 Qe8 38. Bf8 Nxf8 39. Rxc7 Bd7 40. Nf1 Qxh5 41. Ng3
Qe8 42. Bxa6 Nf7 43. Bc8 Nd6 44. Bxd7 Nxd7 45. Qc6 Qe7 46. a6 1-0

[Event "FBL W"]
[Site "?"]
[Date "2018.12.09"]
[Round "5.4"]
[White "Einacker, Silke"]
[Black "Meijerink, Inken"]
[Result "1/2-1/2"]
[ECO "D05"]
[WhiteElo "1990"]
[BlackElo "1657"]
[PlyCount "69"]
[EventDate "2018.10.27"]
[EventType "team-tourn"]
[EventCountry "GER"]
[WhiteTeam "Hamburger SK II"]
[BlackTeam "Delmenhorster SK"]
[WhiteTeamCountry "GER"]
[BlackTeamCountry "GER"]

1. d4 Nf6 2. Nf3 e6 3. e3 d5 4. Bd3 Be7 5. O-O O-O 6. b3 Nbd7 7. Bb2 c5 8. Nbd2
b6 9. Ne5 Bb7 10. f4 Ne4 11. Nxe4 dxe4 12. Bc4 a6 13. a4 Nxe5 14. fxe5 Bg5 15.
Qe2 Qc7 16. Rad1 Rad8 17. Kf2 Kh8 18. Qg4 Bh6 19. Qh3 cxd4 20. Bxd4 b5 21. axb5
axb5 22. Bxb5 Qxc2+ 23. Kg1 Qxb3 24. Rb1 Qd5 25. Qh4 Kg8 26. Qe7 Bc6 27. Bxc6
Qxc6 28. Qb4 Rc8 29. Ra1 Rb8 30. Qe7 Rb7 31. Qa3 Qd7 32. Rfd1 Rd8 33. Rdc1 Rdb8
34. Qc5 Bg5 35. Qc2 1/2-1/2

[Event "FBL W"]
[Site "?"]
[Date "2018.12.09"]
[Round "5.5"]
[White "Wollscheid, Stefanie"]
[Black "Tegtmeier, Stephanie"]
[Result "1/2-1/2"]
[ECO "B32"]
[WhiteElo "1772"]
[BlackElo "1665"]
[PlyCount "112"]
[EventDate "2018.10.27"]
[EventType "team-tourn"]
[EventCountry "GER"]
[WhiteTeam "Delmenhorster SK"]
[BlackTeam "Hamburger SK II"]
[WhiteTeamCountry "GER"]
[BlackTeamCountry "GER"]

1. e4 c5 2. Nf3 Nc6 3. d4 cxd4 4. Nxd4 e5 5. Nb3 Nf6 6. Bd3 d5 7. exd5 Qxd5 8.
O-O Bd6 9. Nc3 Qe6 10. Re1 O-O 11. Nb5 Rd8 12. Bg5 a6 13. Nxd6 Qxd6 14. Qf3 Bg4
15. Qg3 Bh5 16. h3 Rac8 17. Qh4 Bg6 18. Bxg6 fxg6 19. c3 Rf8 20. Rad1 Qc7 21.
Nc5 Rf7 22. Bxf6 gxf6 23. Ne4 Rcf8 24. Rd2 Qe7 25. Red1 Rd8 26. Rxd8+ Nxd8 27.
Qg3 Ne6 28. Qf3 f5 29. Nd6 e4 30. Qe3 Rf8 31. Nc4 Rd8 32. Rxd8+ Qxd8 33. Ne5
Qd6 34. Nc4 Qc5 35. Qxc5 Nxc5 36. Kf1 Nd3 37. b4 Nc1 38. a3 Na2 39. Na5 Nxc3
40. Nxb7 Nb5 41. a4 Nc7 42. Nc5 Kf7 43. Ke2 Ke7 44. g4 Kd6 45. gxf5 gxf5 46. f3
e3 47. Kxe3 Nd5+ 48. Kd4 Nxb4 49. Kc4 Nc6 50. Nxa6 Ne5+ 51. Kb5 Nxf3 52. Kb6
Nd4 53. Nb4 f4 54. Nd3 f3 55. a5 Nc6 56. a6 Kd7 1/2-1/2

[Event "FBL W"]
[Site "?"]
[Date "2018.12.09"]
[Round "5.6"]
[White "Hoefner, Nina"]
[Black "Wenke, Andrea"]
[Result "0-1"]
[ECO "C29"]
[WhiteElo "1621"]
[BlackElo "1760"]
[PlyCount "46"]
[EventDate "2018.10.27"]
[EventType "team-tourn"]
[EventCountry "GER"]
[WhiteTeam "Hamburger SK II"]
[BlackTeam "Delmenhorster SK"]
[WhiteTeamCountry "GER"]
[BlackTeamCountry "GER"]

1. e4 e5 2. Nc3 Nf6 3. f4 Nc6 4. fxe5 Nxe5 5. d4 Ng6 6. e5 Ng8 7. Nf3 d6 8.
exd6 Bxd6 9. Bc4 Qe7+ 10. Ne2 h6 11. O-O Nf6 12. Re1 Kd8 13. Nf4 Ne4 14. Nxg6
fxg6 15. Ne5 Bf5 16. Nf7+ Kd7 17. Nxh8 Rxh8 18. Qf3 Bxh2+ 19. Kf1 Ng3+ 20. Kf2
Be4 21. Qg4+ Kd8 22. Qe6 Rf8+ 23. Ke3 Qg5# 0-1

[Event "FBL W"]
[Site "?"]
[Date "2018.12.09"]
[Round "5.2"]
[White "Benzen, Marthe"]
[Black "Glinzner, Alva"]
[Result "1-0"]
[ECO "B10"]
[WhiteElo "1985"]
[BlackElo "1889"]
[PlyCount "101"]
[EventDate "2018.10.27"]
[EventType "team-tourn"]
[EventCountry "GER"]
[WhiteTeam "Kiel SK Doppelbauer"]
[BlackTeam "Luebeck SV"]
[WhiteTeamCountry "GER"]
[BlackTeamCountry "GER"]

1. e4 c6 2. d3 d5 3. Nd2 Nd7 4. g3 e6 5. Bg2 Ngf6 6. f4 Bc5 7. e5 Ng8 8. Nb3
Bb6 9. Qg4 g6 10. Ne2 h5 11. Qf3 Nh6 12. Bd2 a6 13. Bb4 c5 14. Ba3 Qc7 15. c3
Ba7 16. Nd2 b5 17. d4 Bb7 18. h3 Nf5 19. dxc5 Bxc5 20. Bxc5 Qxc5 21. Nb3 Qe3
22. Nbd4 Qxf3 23. Bxf3 Ne7 24. a4 bxa4 25. Rxa4 Nc6 26. Kf2 Nc5 27. Ra2 Ke7 28.
Rha1 Rhc8 29. Nxc6+ Bxc6 30. Nd4 Bb7 31. Ke3 Nd7 32. Be2 Nc5 33. Ra3 f6 34.
exf6+ Kxf6 35. Nf3 Rc6 36. Ne5 Rd6 37. Rh1 Bc8 38. g4 hxg4 39. hxg4 Nd7 40. Rh7
Nxe5 41. g5+ Kf5 42. fxe5 Kxe5 43. Bd3 Rb6 44. b4 Rb7 45. Bxg6 Rxh7 46. Bxh7
Bb7 47. Ra2 Rh8 48. g6 Bc6 49. Rxa6 Bb5 50. Rb6 Bd7 51. g7 1-0

[Event "FBL W"]
[Site "?"]
[Date "2018.12.09"]
[Round "5.3"]
[White "Mundt, Alexandra"]
[Black "Gressmann, Hanna"]
[Result "0-1"]
[ECO "C79"]
[WhiteElo "1718"]
[BlackElo "1839"]
[PlyCount "56"]
[EventDate "2018.10.27"]
[EventType "team-tourn"]
[EventCountry "GER"]
[WhiteTeam "Luebeck SV"]
[BlackTeam "Kiel SK Doppelbauer"]
[WhiteTeamCountry "GER"]
[BlackTeamCountry "GER"]

1. e4 e5 2. Nf3 Nc6 3. Bb5 Nf6 4. O-O d6 5. Re1 a6 6. Ba4 Bg4 7. c3 b5 8. Bc2
Be7 9. b3 O-O 10. Bb2 Re8 11. d4 exd4 12. cxd4 Nb4 13. Nbd2 Nxc2 14. Qxc2 c5
15. dxc5 dxc5 16. Ne5 Qc7 17. Qc3 Bf8 18. Nxg4 Nxg4 19. Qh3 Ne5 20. f4 Nc6 21.
Qg3 Nb4 22. Red1 Rad8 23. Be5 Qb6 24. Kh1 Nd3 25. Nf3 c4 26. bxc4 Nf2+ 27. Kg1
Nxe4+ 28. Bd4 Rxd4 0-1

[Event "FBL W"]
[Site "?"]
[Date "2018.12.09"]
[Round "5.4"]
[White "Franzenburg, Maria"]
[Black "Fett, Sabine"]
[Result "1/2-1/2"]
[ECO "A24"]
[WhiteElo "1846"]
[BlackElo "1712"]
[PlyCount "44"]
[EventDate "2018.10.27"]
[EventType "team-tourn"]
[EventCountry "GER"]
[WhiteTeam "Kiel SK Doppelbauer"]
[BlackTeam "Luebeck SV"]
[WhiteTeamCountry "GER"]
[BlackTeamCountry "GER"]

1. c4 g6 2. Nc3 Bg7 3. g3 Nf6 4. Bg2 O-O 5. e3 e5 6. Nge2 d6 7. O-O c6 8. d3
Na6 9. Rb1 Bf5 10. b4 Rb8 11. a3 Nc7 12. h3 Nfe8 13. Bb2 Qd7 14. Kh2 a6 15. Ne4
b6 16. g4 Be6 17. Ng5 f5 18. Nxe6 Nxe6 19. gxf5 Rxf5 20. d4 exd4 21. Nxd4 Nxd4
22. Bxd4 Bxd4 1/2-1/2

[Event "FBL W"]
[Site "?"]
[Date "2018.12.09"]
[Round "5.5"]
[White "Braeutigam, Katerina"]
[Black "Rommeck, Christiane"]
[Result "1-0"]
[ECO "A15"]
[WhiteElo "1546"]
[BlackElo "1625"]
[PlyCount "61"]
[EventDate "2018.10.27"]
[EventType "team-tourn"]
[EventCountry "GER"]
[WhiteTeam "Luebeck SV"]
[BlackTeam "Kiel SK Doppelbauer"]
[WhiteTeamCountry "GER"]
[BlackTeamCountry "GER"]

1. c4 Nf6 2. g3 d5 3. cxd5 Qxd5 4. Nf3 b6 5. Bg2 Bb7 6. Nh4 Ne4 7. d3 Qa5+ 8.
Bd2 Nxd2 9. Bxb7 Nxb1+ 10. Kf1 Nd2+ 11. Kg1 g5 12. Ng2 Bg7 13. Rc1 Bxb2 14. Rc2
Bc3 15. Qc1 Bb4 16. a3 Bxa3 17. Qxd2 Bb4 18. Qd1 Na6 19. Bxa8 O-O 20. Bf3 Bd6
21. Ne3 Nb4 22. Rc1 b5 23. Nf5 Na2 24. Ra1 b4 25. Nxd6 cxd6 26. Qd2 Qb5 27.
Qxa2 b3 28. Qxa7 b2 29. Rb1 Rc8 30. Kg2 Kf8 31. Qb7 1-0

[Event "FBL W"]
[Site "?"]
[Date "2018.12.09"]
[Round "5.1"]
[White "Freitag, Julia"]
[Black "Kuckling, Hannah"]
[Result "0-1"]
[ECO "D00"]
[WhiteElo "2130"]
[BlackElo "2111"]
[PlyCount "178"]
[EventDate "2018.10.27"]
[EventType "team-tourn"]
[EventCountry "GER"]
[WhiteTeam "Steinfurt SC"]
[BlackTeam "Paderborn SK Blauer Springer"]
[WhiteTeamCountry "GER"]
[BlackTeamCountry "GER"]

1. d4 d5 2. e3 Nf6 3. Bd3 c5 4. c3 Nc6 5. f4 Bg4 6. Nf3 e6 7. O-O Bd6 8. Qe1
Qb6 9. Kh1 O-O 10. Ne5 Bf5 11. Bxf5 exf5 12. Nd2 Rfe8 13. Qg3 Ne4 14. Nxe4 fxe4
15. Nd7 Qb5 16. Bd2 Re6 17. dxc5 Bc7 18. b4 Qd3 19. Rad1 Rd8 20. Ne5 Nxe5 21.
fxe5 Bxe5 22. Qe1 Rh6 23. g3 Qc2 24. Rc1 Qxa2 25. Kg2 Qa6 26. Qf2 Qe6 27. Qf5
Qe7 28. Ra1 a6 29. Qg4 Rg6 30. Qh5 Re8 31. Be1 Rg5 32. Qh3 Qc7 33. Rd1 Qc6 34.
Rf5 Rg6 35. Qh5 Qe6 36. Rxe5 Qxe5 37. Qxe5 Rxe5 38. c4 Kf8 39. cxd5 Rgg5 40. d6
Rd5 41. Rc1 Rg6 42. Rc4 Re6 43. g4 Ke8 44. Bc3 f6 45. Kg3 Rd1 46. Bd4 Kd7 47.
b5 axb5 48. Rb4 Re8 49. Rxb5 Rb8 50. Rb6 Rf1 51. c6+ Kxd6 52. cxb7+ Kc7 53. Re6
Rxb7 54. Rxe4 Kd6 55. Kg2 Rc1 56. Rf4 Ke6 57. Rf2 Rbc7 58. h4 R7c2 59. Rxc2
Rxc2+ 60. Kg3 h6 61. g5 hxg5 62. hxg5 fxg5 63. Bxg7 Rc7 64. Bd4 Kf5 65. Bb6 Rc1
66. Bd8 Re1 67. Bb6 Ke4 68. Bc5 Rg1+ 69. Kf2 Rc1 70. Bb6 Rc6 71. Ba7 g4 72. Kg3
Kf5 73. Bb8 Kg5 74. Bf4+ Kh5 75. Be5 Re6 76. Bd4 Re4 77. Bb6 Re8 78. Bc5 Re5
79. Bb6 Rf5 80. Bd4 Rf3+ 81. Kg2 Kh4 82. e4 Rg3+ 83. Kh2 Rh3+ 84. Kg2 g3 85.
Bg1 Kg4 86. e5 Rh5 87. Bd4 Rh2+ 88. Kg1 Kf3 89. e6 Rd2 0-1

[Event "FBL W"]
[Site "?"]
[Date "2018.12.09"]
[Round "5.2"]
[White "Bork, Sophie"]
[Black "Miljkovic, Jovana"]
[Result "0-1"]
[ECO "B22"]
[WhiteElo "1859"]
[BlackElo "1993"]
[PlyCount "100"]
[EventDate "2018.10.27"]
[EventType "team-tourn"]
[EventCountry "GER"]
[WhiteTeam "Paderborn SK Blauer Springer"]
[BlackTeam "Steinfurt SC"]
[WhiteTeamCountry "GER"]
[BlackTeamCountry "GER"]

1. e4 c5 2. c3 Nf6 3. e5 Nd5 4. Nf3 g6 5. Bc4 Nb6 6. Bb3 Bg7 7. d4 cxd4 8. cxd4
O-O 9. O-O Nc6 10. Nc3 d6 11. exd6 Qxd6 12. Nb5 Qd8 13. d5 Na5 14. d6 exd6 15.
Nxd6 Nxb3 16. axb3 Bg4 17. Nc4 Nxc4 18. Qxd8 Rfxd8 19. bxc4 Rd3 20. Be3 a6 21.
h3 Bxf3 22. gxf3 Bxb2 23. Rab1 Bd4 24. Bxd4 Rxd4 25. Rxb7 Rxc4 26. Rd1 a5 27.
Rdd7 Rf4 28. Kg2 Rf5 29. Ra7 Rxa7 30. Rxa7 Kg7 31. Ra6 Kf8 32. Kg3 Ke7 33. Kg4
h5+ 34. Kg3 Kd7 35. Ra7+ Kc6 36. Kg2 Kb6 37. Ra8 Kb5 38. Rb8+ Kc4 39. Ra8 Kb3
40. Rb8+ Kc4 41. Rc8+ Rc5 42. Ra8 Kb4 43. Ra7 a4 44. Rxf7 a3 45. Rb7+ Rb5 46.
Re7 a2 47. Re4+ Ka3 48. Re3+ Rb3 49. Re1 Rb1 50. Re3+ Kb4 0-1

[Event "FBL W"]
[Site "?"]
[Date "2018.12.09"]
[Round "5.3"]
[White "Tempelman, Kristianne"]
[Black "Browning, Rebecca"]
[Result "0-1"]
[ECO "D17"]
[WhiteElo "1961"]
[BlackElo "1833"]
[PlyCount "88"]
[EventDate "2018.10.27"]
[EventType "team-tourn"]
[EventCountry "GER"]
[WhiteTeam "Steinfurt SC"]
[BlackTeam "Paderborn SK Blauer Springer"]
[WhiteTeamCountry "GER"]
[BlackTeamCountry "GER"]

1. d4 d5 2. c4 c6 3. Nc3 Nf6 4. Nf3 dxc4 5. a4 Bf5 6. Bg5 Nbd7 7. e3 Qb6 8. Qd2
h6 9. Bxf6 Nxf6 10. Bxc4 e6 11. O-O Bd6 12. Rfe1 Ne4 13. Qe2 Bb4 14. Nh4 Nxc3
15. bxc3 Bxc3 16. Nxf5 exf5 17. Rab1 Qc7 18. Rec1 Ba5 19. Qf3 O-O 20. Qxf5 Bb6
21. Bd3 g6 22. Qf6 Qd7 23. Bc4 Kh7 24. Rd1 Rab8 25. e4 Bd8 26. Qf3 b5 27. axb5
cxb5 28. Qb3 b4 29. Qg3 Bc7 30. e5 a5 31. d5 a4 32. h4 b3 33. h5 Rb4 34. Qc3
Ba5 35. Bd3 Rc8 36. Qb2 Rg4 37. hxg6+ fxg6 38. e6 Qd6 39. Qe2 Rg5 40. Bb5 Bb6
41. Bxa4 Qg3 42. Kf1 Qxg2+ 43. Ke1 Ba5+ 44. Rd2 Qh1+ 0-1

[Event "FBL W"]
[Site "?"]
[Date "2018.12.09"]
[Round "5.4"]
[White "Moeller, Lisa Marie"]
[Black "Moeller, Hannah"]
[Result "1-0"]
[ECO "B07"]
[WhiteElo "1869"]
[BlackElo "1846"]
[PlyCount "81"]
[EventDate "2018.10.27"]
[EventType "team-tourn"]
[EventCountry "GER"]
[WhiteTeam "Paderborn SK Blauer Springer"]
[BlackTeam "Steinfurt SC"]
[WhiteTeamCountry "GER"]
[BlackTeamCountry "GER"]

1. e4 g6 2. d4 Bg7 3. Nc3 d6 4. Be3 Nf6 5. f3 a6 6. Qd2 h5 7. O-O-O b5 8. h4
Bd7 9. Nh3 Nc6 10. Nf4 b4 11. Ncd5 a5 12. Kb1 Qb8 13. Bc4 a4 14. Rhe1 e6 15.
Nxf6+ Bxf6 16. Bf2 Na5 17. Bf1 b3 18. cxb3 axb3 19. a3 Bb5 20. Qb4 Bxf1 21.
Qxb8+ Rxb8 22. Rxf1 O-O 23. Rc1 Rfc8 24. Nd3 Nb7 25. g3 Be7 26. Rc3 c5 27. dxc5
Nxc5 28. Rfc1 Rd8 29. Nxc5 dxc5 30. Bxc5 Bf6 31. Re3 Rd2 32. e5 Bg7 33. Bb4 Rg2
34. f4 f6 35. exf6 Bxf6 36. Rxb3 e5 37. Rc4 Rd8 38. Rc6 Kg7 39. Bc3 Kf7 40.
Rb7+ Be7 41. Rcc7 1-0

[Event "FBL W"]
[Site "?"]
[Date "2018.12.09"]
[Round "5.5"]
[White "Veldhuis, Karina"]
[Black "Schrader, Elanor"]
[Result "0-1"]
[ECO "D05"]
[WhiteElo "1821"]
[BlackElo "1801"]
[PlyCount "56"]
[EventDate "2018.10.27"]
[EventType "team-tourn"]
[EventCountry "GER"]
[WhiteTeam "Steinfurt SC"]
[BlackTeam "Paderborn SK Blauer Springer"]
[WhiteTeamCountry "GER"]
[BlackTeamCountry "GER"]

1. d4 Nf6 2. Nf3 e6 3. e3 d5 4. Bd3 c5 5. c3 Bd6 6. Nbd2 Nc6 7. O-O O-O 8. e4
cxd4 9. cxd4 e5 10. exd5 Nxd4 11. Nxd4 exd4 12. Nf3 Nxd5 13. Be4 Bc5 14. Qc2
Bb6 15. Bxh7+ Kh8 16. Bf5 Nf6 17. Bg5 Qd5 18. Bd3 Bg4 19. Bxf6 Bxf3 20. Bxg7+
Kxg7 21. gxf3 Qxf3 22. Be4 Qh3 23. Qd3 Qxd3 24. Bxd3 Rh8 25. Kh1 Bc7 26. Rg1+
Kf6 27. Rg2 Rh4 28. Be4 Rxe4 0-1

[Event "FBL W"]
[Site "?"]
[Date "2018.12.09"]
[Round "5.6"]
[White "Walow, Xenia"]
[Black "Schmitz, Carolin"]
[Result "1/2-1/2"]
[ECO "D00"]
[WhiteElo "1727"]
[BlackElo "1759"]
[PlyCount "44"]
[EventDate "2018.10.27"]
[EventType "team-tourn"]
[EventCountry "GER"]
[WhiteTeam "Paderborn SK Blauer Springer"]
[BlackTeam "Steinfurt SC"]
[WhiteTeamCountry "GER"]
[BlackTeamCountry "GER"]

1. d4 d5 2. Bf4 e6 3. e3 Nf6 4. Nd2 c5 5. c3 Nc6 6. Bd3 c4 7. Be2 Bd6 8. Bg3
O-O 9. Ngf3 Qc7 10. Qc2 Bd7 11. e4 Ne8 12. Ng5 f5 13. exd5 exd5 14. Nxc4 h6 15.
Nxd6 Nxd6 16. Nf3 f4 17. Bh4 Bf5 18. Qb3 Be6 19. Qc2 Bf5 20. Qb3 Be6 21. Qc2
Bf5 22. Qb3 Be6 1/2-1/2

[Event "FBL W"]
[Site "?"]
[Date "2019.01.12"]
[Round "6.1"]
[White "Freitag, Julia"]
[Black "Leveikina, Jevgenija"]
[Result "1/2-1/2"]
[ECO "D00"]
[WhiteElo "2119"]
[BlackElo "2120"]
[PlyCount "28"]
[EventDate "2018.10.27"]
[EventType "team-tourn"]
[EventCountry "GER"]
[WhiteTeam "Steinfurt SC"]
[BlackTeam "Bochum SV Wattenscheid"]
[WhiteTeamCountry "GER"]
[BlackTeamCountry "GER"]

1. d4 d5 2. e3 Bf5 3. Bd3 e6 4. Bxf5 exf5 5. Qd3 Qd7 6. f4 Nf6 7. Nf3 Nc6 8.
O-O Be7 9. a3 Ne4 10. c4 dxc4 11. Qxc4 Rd8 12. Bd2 Qe6 13. Qxe6 fxe6 14. Nc3
Nxd2 1/2-1/2

[Event "FBL W"]
[Site "?"]
[Date "2019.01.12"]
[Round "6.2"]
[White "Plass, Mariana Camelia"]
[Black "Engels, Natia"]
[Result "1-0"]
[ECO "D90"]
[WhiteElo "2023"]
[BlackElo "2154"]
[PlyCount "135"]
[EventDate "2018.10.27"]
[EventType "team-tourn"]
[EventCountry "GER"]
[WhiteTeam "Bochum SV Wattenscheid"]
[BlackTeam "Steinfurt SC"]
[WhiteTeamCountry "GER"]
[BlackTeamCountry "GER"]

1. d4 Nf6 2. c4 g6 3. Nc3 d5 4. cxd5 Nxd5 5. Bd2 Bg7 6. e4 Nxc3 7. Bxc3 O-O 8.
Nf3 Nd7 9. Qc2 Nf6 10. Bc4 c5 11. dxc5 Qc7 12. O-O Bg4 13. Ne5 Qxc5 14. Qb3 e6
15. h3 Bxh3 16. gxh3 Nxe4 17. Nf3 Nxc3 18. bxc3 Rac8 19. Be2 Qf5 20. Rac1 Qxh3
21. Qb4 e5 22. Ng5 Qf5 23. Qh4 h6 24. Ne4 Qe6 25. c4 f5 26. Nc3 e4 27. Nd5 g5
28. Qh3 Bd4 29. Rfd1 Bc5 30. Rb1 b6 31. Rb3 Bd6 32. Kf1 Rf7 33. Bh5 Rg7 34. Be2
g4 35. Qe3 Bc5 36. Qf4 Bd6 37. Nf6+ Qxf6 38. Qxd6 Qxd6 39. Rxd6 h5 40. Rb5 f4
41. Rxh5 f3 42. Bd1 g3 43. fxg3 Rxg3 44. Re5 Rf8 45. Rxe4 f2 46. Rg4+ Rxg4 47.
Bxg4 Rf4 48. Be6+ Kf8 49. Rd2 Ke7 50. Bg8 Rf8 51. Bh7 Rf4 52. Bd3 Kd6 53. Rxf2
Rd4 54. Ke2 Kc5 55. a3 Rh4 56. Kd2 Kd4 57. Rf5 Rh2+ 58. Be2 Ke4 59. Rd5 Rh6 60.
Bd3+ Kf4 61. Rf5+ Kg4 62. Rf7 a5 63. Kc3 Rd6 64. Rg7+ Kh5 65. a4 Rd8 66. Rg6
Rxd3+ 67. Kxd3 Kxg6 68. Ke4 1-0

[Event "FBL W"]
[Site "?"]
[Date "2019.01.12"]
[Round "6.3"]
[White "Moeller, Hannah"]
[Black "Hiebsch, Catalina"]
[Result "1-0"]
[ECO "A41"]
[WhiteElo "1827"]
[BlackElo "1774"]
[PlyCount "69"]
[EventDate "2018.10.27"]
[EventType "team-tourn"]
[EventCountry "GER"]
[WhiteTeam "Steinfurt SC"]
[BlackTeam "Bochum SV Wattenscheid"]
[WhiteTeamCountry "GER"]
[BlackTeamCountry "GER"]

1. Nf3 c5 2. g3 g6 3. Bg2 Bg7 4. d4 d6 5. O-O Nc6 6. c3 Bd7 7. Na3 Nh6 8. e4
O-O 9. h3 Kh8 10. Be3 b6 11. Qd2 Ng8 12. Rad1 cxd4 13. Nxd4 Rc8 14. Nab5 Ne5
15. b3 a6 16. Na3 b5 17. Nac2 Qc7 18. Ne2 Nc6 19. Rc1 Ne5 20. f4 Nc6 21. Ncd4
Nf6 22. c4 Qa5 23. Qxa5 Nxa5 24. cxb5 Bxb5 25. Nxb5 axb5 26. Nd4 b4 27. Rc2 Nd7
28. Rfc1 Rxc2 29. Rxc2 Nc5 30. Ne2 Rb8 31. e5 Nab7 32. exd6 exd6 33. Rc4 Nd3
34. Bxb7 Re8 35. Rc8 1-0

[Event "FBL W"]
[Site "?"]
[Date "2019.01.12"]
[Round "6.4"]
[White "Otterpohl, Isabel"]
[Black "Veldhuis, Karina"]
[Result "0-1"]
[ECO "B22"]
[WhiteElo "1630"]
[BlackElo "1800"]
[PlyCount "92"]
[EventDate "2018.10.27"]
[EventType "team-tourn"]
[EventCountry "GER"]
[WhiteTeam "Bochum SV Wattenscheid"]
[BlackTeam "Steinfurt SC"]
[WhiteTeamCountry "GER"]
[BlackTeamCountry "GER"]

1. e4 c5 2. c3 d6 3. d4 cxd4 4. cxd4 Nf6 5. Nc3 e6 6. Nf3 Be7 7. Bd3 O-O 8. O-O
Nc6 9. a3 a6 10. Bc2 b5 11. b4 Qc7 12. Qd3 Rd8 13. Bb2 Bb7 14. Bb3 Rac8 15.
Rac1 Qb6 16. Rfd1 g6 17. Qe2 Na7 18. e5 dxe5 19. Nxe5 Rxd4 20. Rxd4 Qxd4 21.
Rd1 Qb6 22. Nd7 Nxd7 23. Rxd7 Qc6 24. Rd5 exd5 25. Bxd5 Qd7 26. Bxb7 Qxb7 27.
Qe5 Qc7 28. Qd4 f6 29. g3 Rd8 30. Nd5 Qd7 31. Nxf6+ Bxf6 32. Qxf6 Qd1+ 33. Kg2
Qd5+ 34. Kg1 Rd7 35. Qh8+ Kf7 36. Qxh7+ Ke8 37. Qxg6+ Kd8 38. Qf6+ Re7 39. Qb6+
Rc7 40. Bf6+ Kd7 41. Qe3 Nc6 42. Bg5 Rc8 43. Qf4 Re8 44. Qg4+ Kc7 45. Bf4+ Kb7
46. Qg7+ Re7 0-1

[Event "FBL W"]
[Site "?"]
[Date "2019.01.12"]
[Round "6.1"]
[White "Kickert, Germaine Helene"]
[Black "Braeutigam, Irina"]
[Result "1-0"]
[ECO "B01"]
[WhiteElo "1968"]
[BlackElo "2018"]
[PlyCount "69"]
[EventDate "2018.10.27"]
[EventType "team-tourn"]
[EventCountry "GER"]
[WhiteTeam "Delmenhorster SK"]
[BlackTeam "Luebeck SV"]
[WhiteTeamCountry "GER"]
[BlackTeamCountry "GER"]

1. e4 d5 2. exd5 Qxd5 3. Nc3 Qa5 4. d4 Nf6 5. Nf3 c6 6. Bc4 Bf5 7. Bd2 Qb6 8.
Ne5 e6 9. Qe2 Be7 10. O-O-O Nbd7 11. Nxd7 Nxd7 12. g4 Bg6 13. f4 Nf6 14. Rhe1
Qc7 15. h3 h5 16. Qf3 O-O-O 17. f5 hxg4 18. hxg4 exf5 19. g5 Ne4 20. Bf4 Bd6
21. Bxd6 Rxd6 22. d5 Nxg5 23. Qe3 Ne4 24. Qxa7 Nxc3 25. bxc3 c5 26. Bb5 Rhd8
27. c4 f4 28. Qa8+ Qb8 29. Qa3 Qc7 30. Qa8+ Qb8 31. Qa3 b6 32. Re7 R6d7 33.
Ba6+ Kc7 34. d6+ Kc6 35. Qf3+ 1-0

[Event "FBL W"]
[Site "?"]
[Date "2019.01.12"]
[Round "6.2"]
[White "Glinzner, Alva"]
[Black "Moenster, Madita"]
[Result "0-1"]
[ECO "B51"]
[WhiteElo "1874"]
[BlackElo "1895"]
[PlyCount "96"]
[EventDate "2018.10.27"]
[EventType "team-tourn"]
[EventCountry "GER"]
[WhiteTeam "Luebeck SV"]
[BlackTeam "Delmenhorster SK"]
[WhiteTeamCountry "GER"]
[BlackTeamCountry "GER"]

1. e4 c5 2. Nf3 d6 3. Bb5+ Nc6 4. Bxc6+ bxc6 5. O-O Bg4 6. d3 e5 7. Nbd2 Be7 8.
Nc4 Nf6 9. h3 Bh5 10. Ne3 O-O 11. Qe2 Re8 12. Nf5 Bf8 13. Kh1 Nd7 14. g4 Bg6
15. Ng3 Be7 16. Kg2 Nf8 17. Rh1 Bh4 18. Be3 Ne6 19. Qd2 d5 20. Nxh4 Qxh4 21.
Qc1 Qf6 22. h4 h6 23. f3 Nd4 24. Qd1 Rab8 25. b3 Qd6 26. Rc1 Red8 27. Qg1 a5
28. a4 Ne6 29. Qf1 f6 30. Rg1 Bf7 31. Nf5 Qc7 32. Kh1 Kh7 33. g5 fxg5 34. hxg5
h5 35. Nh4 g6 36. Qh3 Re8 37. Qh2 c4 38. bxc4 dxc4 39. dxc4 Rb4 40. Ra1 Rxc4
41. Nf5 Rd8 42. Ng3 Nd4 43. Nxh5 Rh8 44. Bxd4 Rxd4 45. Nf4+ Kg7 46. Nh3 Be6 47.
Rg3 Qd7 48. Kg1 Rd2 0-1